|
|
|
|
| LEADER |
00761naa a2200205 i 4500 |
| 001 |
publ26520 |
| 005 |
20230220160546.0 |
| 008 |
230220s2009 hu o 0|| Magyar d |
| 020 |
|
|
|a 9789634829607
|
| 024 |
7 |
|
|a 1946177
|2 mtmt
|
| 040 |
|
|
|a SZTE Publicatio Repozitórium
|b hun
|
| 041 |
|
|
|a Magyar
|
| 100 |
1 |
|
|a Tamás Ágnes
|
| 245 |
1 |
0 |
|a Magyar nemzeti propaganda – élcekben és karikatúrákon
|h [elektronikus dokumentum] /
|c Tamás Ágnes
|
| 260 |
|
|
|a SZTE Történettudományi Doktori Iskola
|b Szeged
|c 2009
|
| 300 |
|
|
|a 14
|
| 300 |
|
|
|a 11-24
|
| 490 |
0 |
|
|a Mozaikok a magyar történelemből : tanulmányok a 19-20. századról
|
| 650 |
|
4 |
|a Történettudomány és régészet
|
| 856 |
4 |
0 |
|u http://publicatio.bibl.u-szeged.hu/26520/6/1946177.pdf
|z Dokumentum-elérés
|